[Event "Mittelfranken-chTB2a 1920"]
[White "Rupprecht, Frank"]
[Black "Sawitzki, Nikolaus"]
[Site "Mittelfranken"]
[Round "5.7"]
[Result "0-1"]
[Date "2020.02.02"]
[WhiteElo "1294"]
[BlackElo "1673"]
[PlyCount "40"]
[EventDate "2019.10.13"]
[EventType "team-tourn"]
[EventRounds "9"]
[EventCountry "GER"]
[SourceTitle "EXT 2023"]
[Source "ChessBase"]
[SourceDate "2022.10.05"]
[SourceVersion "1"]
[SourceVersionDate "2022.10.05"]
[SourceQuality "1"]
[WhiteTeam "Heideck/Hilpoltstein II"]
[BlackTeam "Fuerth SG II"]
[WhiteTeamCountry "GER"]
[BlackTeamCountry "GER"]

1. e4 e5 2. Nf3 Nc6 3. Bb5 a6 4. Ba4 b5 5. Bb3 Bc5 6. a3 d6 7. h3 Nf6 8. d3 h6 9. Nc3 Nd4 10. Nxd4 Bxd4 11. Bd2 0-0 12. 0-0 Kh8 13. Rb1 Nh7 14. Qf3 f5 15. Qe2 f4 16. Kh2 Qh4 17. Kg1 f3 18. Qe1 fxg2 19. Kxg2 Bxh3+ 20. Kg1 Qg3+ 0-1